00470nam a22001577a 450000500170000000800410001702000150005805000230007310000190009624500410011525000110015626000540016730000210022150400320024265000380027420260217095529.0191127b ag ||||| |||| 00| 0 spa d a950938507704aKHA3156 bD76 19961 aDromi, Roberto13aEl poder judicial c / Roberto Dromi a1a ed. aBuenos Aires :bEdiciones Ciudad Argentina,c1996 a277 p. ;c23 cm. aBibliografía : p. 243-277 72lembaPoder judicial zArgentina